| 000 | 01381nam a2200313 a 4500 | ||
|---|---|---|---|
| 001 | ebr10524242 | ||
| 003 | CaPaEBR | ||
| 006 | m u | ||
| 007 | cr cn||||||||| | ||
| 008 | 120214s2011 ne sb 101 0 eng d | ||
| 010 | _z 2011943682 | ||
| 020 | _z9781607509714 | ||
| 020 | _z9781607509721 (e-book) | ||
| 040 |
_aCaPaEBR _cCaPaEBR |
||
| 035 | _a(OCoLC)772634054 | ||
| 050 | 1 | 4 |
_aQA76.87 _b.N48 2011eb |
| 245 | 0 | 0 |
_aNeural nets WIRN11 _h[electronic resource] : _bproceedings of the 21st Italian Workshop on Neural Nets / _cedited by Bruno Apolloni ... [et al.]. |
| 260 |
_aAmsterdam ; _aWashington, D.C. : _bIOS Press, _cc2011. |
||
| 300 | _aix, 356 p. | ||
| 490 | 1 |
_aFrontiers in artificial intelligence and applications, _x0922-6389 ; _vv. 234 |
|
| 504 | _aIncludes bibliographical references and indexes. | ||
| 533 |
_aElectronic reproduction. _bPalo Alto, Calif. : _cebrary, _d2013. _nAvailable via World Wide Web. _nAccess may be limited to ebrary affiliated libraries. |
||
| 650 | 0 |
_aNeural networks (Computer science) _vCongresses. |
|
| 655 | 7 |
_aElectronic books. _2local |
|
| 700 | 1 |
_aApolloni, Bruno, _d1946- |
|
| 710 | 2 | _aebrary, Inc. | |
| 830 | 0 |
_aFrontiers in artificial intelligence and applications ; _vv. 234. |
|
| 856 | 4 | 0 |
_uhttp://site.ebrary.com/lib/rucke/Doc?id=10524242 _zAn electronic book accessible through the World Wide Web; click to view |
| 999 |
_c143313 _d143313 |
||